000 00891nam0a22002411 4500
001 rc\2731913
005 20230525141115.0
035 _a(NLR Aleph) 006859267
090 _a6830189
_c6830189
100 _a20110915d1937 |||y0rusy50 ca
101 0 _arus
102 _aRU
105 _ae z |||a|
200 1 _aГорькая рябина
_eПовесть
_fП. Логинов-Лесняк
210 _a[Москва]
_a[Ленинград]
_cБ. и.
_cМол. гвардия
_d1937
_eЛенинград
_gтип. им. Евг. Соколовой
215 _aПереплет, 104, [2] с., 1 с. объявл.
_cзаставки, концовки
_d20х14 см.
700 1 _aЛогинов-Лесняк
_bП. С.
_f1891-1938
_gПавел Семенович
801 0 _aRU
_bNLR
_gpsbo
801 1 _aRU
_bELAR
_2rusmarc
852 _aNLR
_j37-3/799
942 _cBOOK
980 _aNB